[Event "17th Open"]
[Site "Geneva SUI"]
[Date "2001.01.26"]
[Round "7"]
[White "Becker,T1"]
[Black "Delanoy,A"]
[Result "1/2-1/2"]
[WhiteElo "2215"]
[BlackElo "2184"]

1.Nf3 d5 2.c4 d4 3.d3 Nc6 4.g3 e5 5.Bg2 Nf6 6.O-O a5 7.Na3 Bc5 8.Nc2 O-O
9.b3 Re8 10.Bg5 h6 11.Bxf6 Qxf6 12.a3 Qe7 13.Kh1 Be6 14.Nd2 Qd7 15.Ne4 Bf8
16.f4 Bh3 17.Bxh3 Qxh3 18.f5 Ne7 19.g4 Kh8 20.Rg1 Qh4 21.Ne1 Ng8 22.Nf3 Qd8
23.Qe1 Nf6 24.Nxf6 Qxf6 25.Nd2 e4 26.Nxe4 Qc6 27.Qg3 Rxe4 28.dxe4 Bd6 29.Qf3 Re8
30.e5 Rxe5 31.Qxc6 bxc6 32.c5 Bxc5 33.Rgc1 Bd6 34.Ra2 Re3 35.Kg2 c5 36.Rb2 Re4
37.h3 Re3 38.Rh1 Kg8 39.a4 Kf8 40.Kf2 Bg3+ 41.Kg2 Bd6 42.Kf2 Bg3+ 43.Kg2  1/2-1/2

[Event "TCh-SVK"]
[Site "SVK"]
[Date "2001.01.28"]
[Round "7"]
[White "Castiglione,M"]
[Black "Lipka,J"]
[Result "0-1"]
[WhiteElo "2222"]
[BlackElo "2376"]

1.Nf3 d5 2.c4 e6 3.g3 dxc4 4.Qa4+ Nd7 5.Qxc4 a6 6.Bg2 b5 7.Qc2 Bb7 8.O-O Ngf6
9.b3 c5 10.Bb2 Be7 11.a4 O-O 12.axb5 axb5 13.Rxa8 Bxa8 14.Nc3 Qb6 15.d3 Rc8
16.Ra1 Bb7 17.Nd1 Nd5 18.Ne5 Nb8 19.Ne3 Nxe3 20.fxe3 Bxg2 21.Kxg2 f6 22.Nf3 Nc6
23.Ba3 Qb7 24.Rc1 Ne5 25.h3 Nd7 26.d4 b4 27.Bb2 Nb6 28.Qd3 cxd4 29.Rxc8+ Nxc8
30.Qc4 Kf7 31.Qxd4 Nd6 32.Bc1 Qe4 33.Bd2 Qxd4 34.Nxd4 Ne4 35.Be1 e5 36.Nc2 Nc5
37.Nxb4 Nxb3 38.e4 Nd4 39.e3 Ne6 40.h4 Bxb4 41.Bxb4 h5 42.Kf3 g6 43.Ke2 Nd8
44.Kd3 Ke6 45.Ba3 Nf7 46.Bb4 Nh6 47.Bf8 Ng4 48.Ke2 Kd7 49.Kf3 Kc6 50.Ke2 Kb5
51.Kf3 Kc4 52.Ke2 Kb5 53.Kf3 Kc6 54.Ke2 Kd7 55.Kf3 Ke8 56.Bb4 Nh6 57.Ke2 g5
58.hxg5 fxg5 59.Bc3 Ng4 60.Be1 Kf7 61.Kd3 Ke6 62.Ke2 Nf6 63.Kd3 Nh7 64.Ba5 Nf6
65.Be1 Ng4 66.Ke2 Nh2 67.Kd3 g4 68.Bf2 Nf3 69.Kc4 Kd6 70.Kc3 Kc5 71.Kd3 Kb4
72.Ke2 Kc4  0-1

[Event "6th HIT Open"]
[Site "Nova Gorica SLO"]
[Date "2001.01.29"]
[Round "5"]
[White "Olarasu,G"]
[Black "Kovacevic,B"]
[Result "0-1"]
[WhiteElo "2347"]
[BlackElo "2457"]

1.Nf3 d5 2.c4 d4 3.e3 Nc6 4.exd4 Nxd4 5.Nxd4 Qxd4 6.Nc3 c6 7.d3 Nh6 8.Be3 Qd8
9.d4 Nf5 10.Qd2 g6 11.Be2 Bg7 12.Rd1 O-O 13.O-O Qa5 14.g4 Nxe3 15.Qxe3 f5
16.Qxe7 fxg4 17.d5 Bf5 18.Bd3 Rf7 19.Qe2 Bxc3 20.bxc3 Qxc3 21.Bxf5 gxf5 22.d6 Rd8
23.f3 h5 24.fxg4 hxg4 25.Rf4 b5 26.Rfd4 g3 27.d7 Kf8 28.R1d3 Qc1+ 29.Rd1 Qg5
30.h4 Qe7 31.Qf3 Qe5 32.Kh1 f4 33.Qxc6 Qf6 34.Qxf6 Rxf6 35.Kg2 Kf7 36.Kf3 Rf5
37.Rxf4 Rxf4+ 38.Kxf4 g2 39.Kf3 Rg8 40.d8=Q Rxd8 41.Rxd8 g1=Q  0-1

[Event "TCh-FRA"]
[Site "Bordeaux FRA"]
[Date "2001.02.02"]
[Round "1"]
[White "Salaun,Y"]
[Black "Prie,E"]
[Result "0-1"]
[WhiteElo "2391"]
[BlackElo "2490"]

1.Nf3 d5 2.c4 c6 3.b3 Bg4 4.Bb2 Bxf3 5.exf3 e6 6.f4 Nf6 7.f5 exf5 8.Bd3 dxc4
9.Bxf5 Qe7+ 10.Qe2 Qxe2+ 11.Kxe2 Nbd7 12.bxc4 Be7 13.Nc3 O-O 14.Rhe1 Ne5
15.d3 Rfe8 16.Kf1 Bb4 17.Re2 g6 18.Ne4 Nh5 19.Ng3 Nxg3+ 20.hxg3 Nxc4 21.dxc4 gxf5
22.Rxe8+ Rxe8 23.Rd1 Ba5 24.Bc1 Rd8 25.Rxd8+ Bxd8 26.Ke2 f6 27.Be3 b6 28.a4 Kf7
29.Kd3 Ke6 30.Bf4 a6 31.Be3 b5 32.cxb5 cxb5 33.axb5 axb5 34.Kc3 Be7 35.Kd4 Kd6
36.Bd2 Kc6 37.Be1 Bc5+ 38.Kd3 Kd5 39.f3 h5 40.Bc3 Ke6 41.Be1 Bb6 42.Bd2 Bf2
43.Bf4 Kd5 44.Bc7 b4 45.Ba5 Bc5 46.Bd8 Bd4 47.Ba5 b3 48.Be1 Kc6 49.Bd2 Kb5
50.Bh6 Ka4 51.Bf8 Be5 52.f4 Bd4 53.Be7 b2 54.Kc2 Kb5 55.Bd8 Kc4 56.Ba5 Kd5
57.Bb4 Ke4 58.Bd2 b1=Q+ 59.Kxb1 Kd3 60.Bb4 Ke2 61.Kc2 Kf2 62.Kd3 Ba1 63.Bc5+ Kxg3
64.Ke2 Kxg2 65.Bf2 Bb2  0-1

[Event "9th Aosta Valley"]
[Site "Saint Vincent ITA"]
[Date "2001.02.04"]
[Round "2"]
[White "Peralta,F"]
[Black "Vera,R"]
[Result "1/2-1/2"]
[WhiteElo "2408"]
[BlackElo "2562"]

1.Nf3 d5 2.c4 c6 3.e3 Nf6 4.Nc3 e6 5.b3 Nbd7 6.Qc2 Bd6 7.Bb2 O-O 8.Be2 a6
9.d4 e5 10.O-O-O e4 11.Nh4 g6 12.f4 exf3 13.gxf3 Nh5 14.Ng2 Qg5 15.h4 Qxg2
16.Rdg1 Qxh1 17.Rxh1 Ndf6 18.Bd3 b5 19.e4 Bf4+ 20.Kb1 Be6 21.c5 Ra7 22.Ne2 Re7
23.Re1 Bh6 24.Ka1 a5 25.Bc1 Bg7 26.Nf4 Bf5 27.e5 Nxf4 28.Bxf4 Nh5 29.Bd2 Bxd3
30.Qxd3 Ra8 31.f4 f5 32.a3  1/2-1/2

[Event "9th Aosta Valley"]
[Site "Saint Vincent ITA"]
[Date "2001.02.06"]
[Round "4"]
[White "Valdes,Le"]
[Black "Godena,M"]
[Result "0-1"]
[WhiteElo "2338"]
[BlackElo "2474"]

1.Nf3 d5 2.c4 d4 3.g3 g6 4.b4 Bg7 5.d3 e5 6.Nbd2 Ne7 7.Bg2 O-O 8.O-O a5 9.b5 c5
10.bxc6 Nexc6 11.Ne1 Na6 12.Nc2 Re8 13.Ba3 Nab4 14.Qb1 Bf8 15.Bc1 Bg4 16.Re1 Rb8
17.Na3 Na7 18.Qb3 Be6 19.Qd1 h6 20.Nc2 b5 21.a3 Na6 22.Rf1 Nc5 23.f4 exf4
24.Rxf4 Bg7 25.Rb1 Na4 26.Qf1 Nc3 27.Rb2 bxc4 28.Rxb8 Qxb8 29.Nxd4 cxd3 30.Kh1 Bxd4
31.Rxd4 dxe2 32.Qe1 Nab5 33.Rh4 Bd5 34.Nf3 Qb7 35.Rf4 Nd4 36.Nxd4 Bxg2+ 37.Kg1 Bh1
38.Rf2 Nd1 39.Qxe2 Rxe2 40.Rxe2 Kh7  0-1

[Event "9th Aosta Valley"]
[Site "Saint Vincent ITA"]
[Date "2001.02.08"]
[Round "6"]
[White "Valdes,Le"]
[Black "Rytshagov,M"]
[Result "1/2-1/2"]
[WhiteElo "2338"]
[BlackElo "2525"]

1.Nf3 d5 2.c4 d4 3.g3 g6 4.b4 Bg7 5.d3 e5 6.Nbd2 Ne7 7.Bg2 O-O 8.O-O a5 9.b5 c5
10.bxc6 Nexc6 11.Ba3 Nb4 12.Qb3 N8c6 13.Bxb4 axb4 14.a3 bxa3 15.Rxa3 Rxa3
16.Qxa3 f5  1/2-1/2

[Event "ch-Pol u20"]
[Site "Brzeg Dolny POL"]
[Date "2001.02.09"]
[Round "3"]
[White "Wisniewski,Adr"]
[Black "Dziuba,M"]
[Result "1/2-1/2"]
[WhiteElo "2292"]
[BlackElo "2421"]

1.Nf3 d5 2.c4 e6 3.d4 c6 4.cxd5 exd5 5.Nc3 Bf5 6.Bf4 Nf6 7.a3 Bd6 8.Bxd6 Qxd6
9.e3 Nbd7 10.Nh4 Bg6 11.Bd3 Bxd3 12.Qxd3 O-O 13.O-O g6 14.Nf3 a5 15.Qc2 Rfe8
16.h3 Ne4 17.Nxe4 Rxe4 18.b4 Ree8 19.Rfb1 b5 20.Ne1 Nb6 21.Qc5 Qxc5 22.dxc5 Nc4
23.a4 Reb8 24.Nc2 Nd2 25.Rd1 Nb3  1/2-1/2

[Event "12th Goodricke Open"]
[Site "Calcutta IND"]
[Date "2001.02.10"]
[Round "5"]
[White "Gokhale,C"]
[Black "Sriram,J"]
[Result "1/2-1/2"]
[WhiteElo "2326"]
[BlackElo "2412"]

1.Nf3 d5 2.c4 c6 3.b3 Nf6 4.Bb2 Bg4 5.Ne5 Bh5 6.g3 Nbd7 7.Bg2 e6 8.O-O Be7
9.d3 O-O 10.Nxd7 Nxd7 11.Re1 Bb4 12.Rf1 Qe7 13.Qc2 f5 14.a3 Bd6 15.e3 Ne5
16.c5 Bc7 17.Bxe5 Bxe5 18.d4 Bf6 19.f4 g5 20.Nd2 gxf4 21.gxf4 Kh8 22.Kh1 Rg8
23.Nf3 Rg7 24.Qf2 Rag8 25.Rg1 Rg6 26.b4 Rg4 27.Bh3 R4g7 28.Rxg7 Qxg7 29.a4 Qh6
30.Rg1 Bg4 31.Bxg4 fxg4 32.Ne5 Qh5 33.Qe2 Bxe5 34.fxe5 Qf5 35.Qg2 Qd3 36.Qf2 Qe4+
37.Rg2 Qb1+ 38.Rg1 Qe4+ 39.Rg2 Qb1+ 40.Rg1 Qe4+ 41.Rg2  1/2-1/2

[Event "12th Goodricke Open"]
[Site "Calcutta IND"]
[Date "2001.02.11"]
[Round "6"]
[White "Rausis,I"]
[Black "Ramesh,R"]
[Result "1/2-1/2"]
[WhiteElo "2525"]
[BlackElo "2467"]

1.Nf3 d5 2.c4 c6 3.d4 Nf6 4.Nc3 e6 5.Bg5 h6 6.Bxf6 Qxf6 7.e3 Nd7 8.Bd3 dxc4
9.Bxc4 g6 10.O-O Bg7 11.b4 O-O 12.a4 Qe7 13.Qb3 Rd8 14.a5 Nf6 15.e4 Bd7 16.e5 Nd5
17.Ne4 b6 18.Rfb1 Rdb8 19.axb6 axb6 20.h4 Qd8 21.g4 Rxa1 22.Rxa1 c5 23.b5 Ra8
24.Rd1 cxd4 25.g5 Qe7 26.Rxd4 hxg5 27.hxg5 Ra1+ 28.Kg2 Ra3 29.Nf6+ Bxf6 30.gxf6 Qf8
31.Qb2 Rxf3 32.Kxf3 Qh6 33.Qd2 Qh3+ 34.Ke2 Qh5+ 35.Kf1 Qh1+ 36.Ke2 Qh5+ 37.Kf1 Qh1+
38.Ke2 Qh5+ 39.Kf1 Qh1+ 40.Ke2 Qh5+  1/2-1/2

[Event "ch-NED semi-finals"]
[Site "Leeuwarder NED"]
[Date "2001.02.11"]
[Round "1.2"]
[White "Marcus,J"]
[Black "Ernst,S"]
[Result "1/2-1/2"]
[WhiteElo "2292"]
[BlackElo "2435"]

1.Nf3 d5 2.c4 e6 3.g3 Nf6 4.Bg2 c5 5.cxd5 Nxd5 6.O-O Nc6 7.d4 Be7 8.dxc5 Bxc5
9.a3 O-O 10.b4 Be7 11.Bb2 Qb6 12.e4 Nf6 13.Qe2 Bd7 14.Nc3 Rfd8 15.Rfd1 Ne8
16.b5 Nb8 17.Ne5 a6 18.Nc4 Qc7 19.a4 axb5 20.axb5 Rxa1 21.Rxa1 Bb4 22.b6  1/2-1/2

[Event "12th Goodricke Open"]
[Site "Calcutta IND"]
[Date "2001.02.12"]
[Round "7"]
[White "Brauer,C"]
[Black "Murali Krishnan,B"]
[Result "0-1"]
[WhiteElo "2153"]
[BlackElo "2353"]

1.Nf3 d5 2.c4 c6 3.cxd5 cxd5 4.d4 Nf6 5.Nc3 Nc6 6.Bf4 Ne4 7.e3 Nxc3 8.bxc3 g6
9.Bd3 Bg7 10.h3 O-O 11.O-O b6 12.Qe2 Bb7 13.Nd2 Rc8 14.Nb3 e5 15.Bg3 Qe7
16.a4 exd4 17.exd4 Qxe2 18.Bxe2 Ne7 19.Rfc1 Rfe8 20.Bd3 Nc6 21.a5 Nxa5 22.Nxa5 bxa5
23.Bf4 a6 24.Rxa5 Bxd4 25.Bxa6 Bxa6 26.cxd4 Rxc1+ 27.Bxc1 Re1+ 28.Kh2 Rxc1
29.Rxa6 Rc4 30.Kg3 Rxd4 31.Kf3 Kf8 32.Ke3 Re4+ 33.Kd3 Ke7 34.g3 h5 35.h4 Rb4
36.Rc6 Rb2 37.Ke3 Ra2 38.Rb6 Kd7 39.Rf6 Ke7 40.Rb6 d4+ 41.Kxd4 Rxf2 42.Ke3 Rf6
43.Rb7+ Ke6 44.Rb6+ Kf5 45.Rb5+ Ke6 46.Rb6+ Ke7 47.Rb7+ Kf8 48.Rb5 Kg7 49.Rb8 Rf5
50.Ke4 f6 51.Rb7+ Kh6 52.Rb8 Rf1 53.Rh8+ Kg7 54.Ra8 g5 55.hxg5 fxg5 56.Ra6 g4
57.Ra3 Kg6 58.Rb3 Rf6 59.Ra3 h4 60.gxh4 Kh5 61.Ra8 Kxh4 62.Rh8+ Kg3 63.Ke3 Re6+
64.Kd2 Kf2 65.Rf8+ Kg2 66.Rf7 g3 67.Rf8 Kg1 68.Rh8 g2 69.Rh7 Re5 70.Rh8 Kf2
71.Rf8+ Kg3 72.Rg8+ Kf3 73.Rf8+ Kg4  0-1

[Event "FSGM February"]
[Site "Budapest HUN"]
[Date "2001.02.13"]
[Round "10"]
[White "Csom,I"]
[Black "Sherzer,A"]
[Result "0-1"]
[WhiteElo "2431"]
[BlackElo "2472"]

1.Nf3 d5 2.c4 c6 3.e3 Nf6 4.Nc3 e6 5.Qc2 Nbd7 6.b3 Bd6 7.cxd5 exd5 8.Bb2 O-O
9.Be2 Re8 10.h3 Qe7 11.d3 a5 12.Nb1 a4 13.Nbd2 c5 14.O-O b5 15.Rac1 Bb7 16.Qb1 Bb8
17.Rfe1 Ra6 18.Bf1 axb3 19.axb3 Re6 20.Ba3 b4 21.Bb2 Qd6 22.Qc2 d4 23.e4 Nd5
24.Nc4 Qc7 25.g3 Nc3 26.Bg2 h6 27.Ra1 Nb6 28.Na5 Bc8 29.Bc1 g5 30.Bd2 Rf6
31.Bxc3 bxc3 32.Nh2 Kg7 33.Reb1 Bd7 34.Qe2 Nd5 35.Nc4 Nb4 36.Rc1 Rg6 37.Qd1 Qc8
38.Ra5 Bxh3 39.Bf3 Ra6 40.Rca1 Rxa5 41.Rxa5 Be6 42.Be2 Re7 43.Nf3 Ra7 44.Rxa7 Bxa7
45.Qa1 Bb8 46.Ne1 Qc6 47.Bf3 Qc7 48.Kf1 Kg6 49.Ke2 h5 50.Qa4 Bd7 51.Qa5 Qxa5
52.Nxa5 Be6 53.Nb7 Ba7 54.Na5 Bb6 55.Nc4 Bc7 56.Kd1 h4 57.e5 Bf5 58.Ke2 g4
59.Bh1 h3 60.Na3 Bxe5 61.Nac2 Na2 62.Kd1 Be6 63.Na1 Nb4 64.Ke2 Bg7 65.Be4+ f5
66.Bb7 Nd5 67.Kf1 f4 68.gxf4 Nxf4 69.Be4+ Kg5 70.Kg1 Be5 71.Nec2 Bf5 72.Bxf5 Kxf5
73.Ne1 h2+  0-1

[Event "12th Goodricke Open"]
[Site "Calcutta IND"]
[Date "2001.02.13"]
[Round "8"]
[White "Kunte,A"]
[Black "Barua,D"]
[Result "1/2-1/2"]
[WhiteElo "2568"]
[BlackElo "2494"]

1.Nf3 d5 2.c4 e6 3.g3 Nf6 4.Bg2 Be7 5.O-O O-O 6.d4 dxc4 7.Qc2 a6 8.a4 Bd7
9.Qxc4 Bc6 10.Bg5 a5 11.Nc3 Ra6 12.Bxf6 Bxf6 13.e3 Rb6 14.Qe2 Bxf3 15.Bxf3 c5
16.dxc5 Rb4 17.Rac1 Nd7 18.Rfd1 Qe7 19.Ne4 Bxb2 20.Rb1  1/2-1/2

[Event "ch-Pol u20"]
[Site "Brzeg Dolny POL"]
[Date "2001.02.15"]
[Round "9"]
[White "Bartel,Mat"]
[Black "Radziewicz,I"]
[Result "0-1"]
[WhiteElo "2392"]
[BlackElo "2350"]

1.Nf3 d5 2.c4 c6 3.b3 Bg4 4.Bb2 Nd7 5.e3 e6 6.Be2 Ngf6 7.d3 Bb4+ 8.Kf1 Qe7
9.h3 Bxf3 10.Bxf3 O-O 11.a3 Bd6 12.Nd2 b5 13.g4 bxc4 14.dxc4 Be5 15.Qc2 Bxb2
16.Qxb2 Rab8 17.Kg2 e5 18.g5 Ne4 19.Nxe4 dxe4 20.Bxe4 Nc5 21.Bc2 f5 22.h4 f4
23.Rh3 Qe6 24.Qc3 Qg4+ 25.Kh2 Qe2 26.Rg1 fxe3 27.Rxe3 Rxf2+ 28.Kg3 Qxc2 29.Qxe5 Rff8
30.Rg2 Qf5 31.b4 Qxe5+ 32.Rxe5 Nd3 33.Re7 Rbe8 34.Rge2 Rxe7 35.Rxe7 a5 36.b5 cxb5
37.cxb5 Rb8 38.a4 Nc5 39.Ra7 Nxa4 40.Rxa5 Nc3 41.Kf4 Nxb5  0-1

[Event "5th Open"]
[Site "D'Agneaux Saint Lo FRA"]
[Date "2001.02.16"]
[Round "4"]
[White "Decosse,J"]
[Black "Coursaget,N"]
[Result "1/2-1/2"]
[WhiteElo "2167"]
[BlackElo "2228"]

1.Nf3 d5 2.c4 c6 3.e3 Nf6 4.Nc3 e6 5.Be2 Nbd7 6.d3 Bd6 7.b3 b6 8.Bb2 Bb7
9.Rc1 O-O 10.O-O Rc8 11.cxd5 exd5 12.Rc2 Re8 13.Qa1 c5 14.d4 Qe7 15.Na4 cxd4
16.Rxc8 Rxc8 17.Bxd4 g6 18.Rc1 Rxc1+ 19.Qxc1 Ne4 20.Ba1 h5 21.Qb2 Ndf6 22.Ng5 Nxg5
23.Qxf6 Qxf6 24.Bxf6 Ne4 25.Bd4 f5 26.Nc3 Kf7 27.f3 Nc5 28.g3 Ne6 29.Nb5 Bb8
30.Bc3 a6 31.Nd4 Nxd4 32.Bxd4 b5  1/2-1/2

[Event "Belgian Interteams 2000-1"]
[Site "BEL"]
[Date "2001.02.18"]
[Round "9"]
[White "Mauquoy,A"]
[Black "Philippe,D"]
[Result "0-1"]
[WhiteElo "2144"]
[BlackElo "2070"]

1.Nf3 d5 2.c4 c6 3.d4 Nf6 4.e3 e6 5.Nbd2 c5 6.Bd3 Nc6 7.dxc5 Bxc5 8.O-O O-O
9.a3 a5 10.Qc2 Bd6 11.b3 h6 12.Rb1 Qe7 13.Ra1 Bd7 14.Bb2 Rac8 15.Rfc1 e5
16.cxd5 Nb4 17.Qb1 Rxc1+ 18.Bxc1 Nxd3 19.Qxd3 e4 20.Qd4 exf3 21.Nxf3 Qe4
22.Qb6 Qxd5 23.Bb2 Bc6 24.h3 Ne4  0-1

[Event "Open"]
[Site "Coria del Rio ESP"]
[Date "2001.02.18"]
[Round "5"]
[White "Valdes Romero,L"]
[Black "Vela Ignacio,J"]
[Result "1-0"]
[WhiteElo "2285"]
[BlackElo "2063"]

1.Nf3 d5 2.c4 c6 3.b3 e6 4.Bb2 f5 5.g3 Nf6 6.Bg2 Be7 7.O-O O-O 8.d3 Qe8 9.Nbd2 Qh5
10.e4 Ng4 11.h3 Nh6 12.exd5 cxd5 13.cxd5 exd5 14.Ne5 Qxd1 15.Bxd5+ Kh8 16.Raxd1 Rd8
17.Bg2 Bf6 18.Ndc4 Nd7 19.d4 Nb6 20.Rfe1 Be6 21.Bxb7 Rab8 22.Na5 Bxe5 23.Rxe5 Bd5
24.Bxd5 Rxd5 25.Rxd5 Nxd5 26.Re1 Nb4 27.Re7 Kg8 28.d5 Nf7 29.Nc6 Nxd5 30.Rxf7  1-0

[Event "Open"]
[Site "Coria del Rio ESP"]
[Date "2001.02.20"]
[Round "7"]
[White "Valdes Romero,L"]
[Black "Carrabeo Garcia,M"]
[Result "1-0"]
[WhiteElo "2285"]
[BlackElo "2089"]

1.Nf3 d5 2.c4 e6 3.b3 Nf6 4.g3 Be7 5.Bb2 O-O 6.Bg2 c6 7.O-O a5 8.d3 Nbd7
9.Na3 a4 10.Nc2 b5 11.cxb5 cxb5 12.b4 Bb7 13.Qd2 Rc8 14.a3 Qb6 15.Ne3 Rc7
16.Bd4 Qd6 17.Rac1 Rfc8 18.h3 h6 19.Qb2 Bf8 20.Rxc7 Qxc7 21.Ne5 Ba8 22.f4 Nxe5
23.fxe5 Nd7 24.Qa1 Be7 25.h4 Bb7 26.Kh2 Qb8 27.Bh3 Qc7 28.Bg4 Bf8 29.h5 Be7
30.Nd1 Qb8 31.Kh3 Nf8 32.Nc3 Bc6 33.e3 Nh7 34.Ne2 Ng5+ 35.Kh2 Bb7 36.Rc1 Rc7
37.Rc3 Qc8 38.Bb6 Rxc3 39.Qxc3 Bc6 40.Nd4 Bd7 41.Qxc8+ Bxc8 42.Nxb5 Ba6 43.Nc3 Bxd3
44.Nxa4 Ne4 45.Bd4 Kf8 46.Nb2 Ba6 47.Bd1 Nd2 48.Bc2 Ke8 49.Bd3 Bb7 50.Kg2 Kd7
51.g4 Nc4 52.Bxc4 dxc4+ 53.Kf2 Bd5 54.Nd1 Bb7 55.Nc3 Kc7 56.e4 Kd7 57.Ba7 Kc7
58.Ke3 Kd7 59.Kd4 f6 60.Bb8 Bc6 61.Kxc4 Kc8 62.Bd6 Bxd6 63.exd6 Kd7 64.b5 Ba8
65.Kc5 f5 66.gxf5 exf5 67.exf5 Bf3 68.b6 Kc8 69.Nd5  1-0

[Event "Open"]
[Site "Cappelle la Grande FRA"]
[Date "2001.02.25"]
[Round "3"]
[White "Lelchuk,Z"]
[Black "Vysochin,S"]
[Result "1-0"]
[WhiteElo "2411"]
[BlackElo "2533"]

1.Nf3 d5 2.c4 c6 3.cxd5 cxd5 4.d4 Nf6 5.Nc3 Nc6 6.Bf4 a6 7.e3 Bg4 8.Bd3 e6
9.Rc1 Be7 10.h3 Bh5 11.O-O O-O 12.g4 Bg6 13.Bxg6 hxg6 14.Kg2 Rc8 15.Qe2 Ne4
16.h4 Bxh4 17.g5 Bxg5 18.Nxe4 Bxf4 19.Nc5 b6 20.Nxe6 fxe6 21.exf4 Qd6 22.Rh1 Rce8
23.Rxc6 Qxc6 24.Ne5 Qc8 25.Qg4 Rf5 26.Qxg6 Rxe5 27.fxe5 Rf8 28.Rh6 Rf4 29.Kg3 Qc1
30.Qxe6+ Rf7 31.Qe8+ Rf8 32.Rh8+ Kxh8 33.Qxf8+ Kh7 34.Qf5+ Kh8 35.Qf3 Qc6
36.Qf8+ Kh7 37.Qf5+ g6 38.Qf7+ Kh6 39.Qf6 Qc8 40.Qh4+ Kg7 41.Qf6+ Kh6 42.e6 Qc2
43.Qh8+  1-0

[Event "IV Open"]
[Site "Malaga ESP"]
[Date "2001.02.25"]
[Round "3"]
[White "Valdes,Le"]
[Black "Gleizerov,E"]
[Result "0-1"]
[WhiteElo "2338"]
[BlackElo "2586"]

1.Nf3 d5 2.c4 d4 3.g3 g6 4.b4 Bg7 5.d3 e5 6.Nbd2 Ne7 7.Bg2 a5 8.b5 O-O 9.O-O c5
10.bxc6 Nexc6 11.Ba3 Nb4 12.Qb3 Qe7 13.Ne1 Bh6 14.Ndf3 Re8 15.Nc2 N8c6 16.Bxb4 Nxb4
17.Rfb1 Na6 18.Qa3 Qc7 19.Qb2 Nc5 20.Na3 Qe7 21.Nb5 Rb8 22.Nd2 Bxd2 23.Qxd2 b6
24.Qc2 Bb7 25.Rb2 Bxg2 26.Kxg2 Rbd8 27.Rd1 f5 28.Qd2 Rd7 29.Qh6 Qf6 30.h4 e4
31.Rc2 Qc6 32.Kh2 exd3 33.exd3 Qf3 34.Qd2 f4 35.Re1 fxg3+ 36.fxg3 Re3 37.Rxe3 dxe3
38.Qe2 Qxe2+ 39.Rxe2 Rxd3 40.Kg2 Ne4 41.Kf3 Nd2+ 42.Kf4 Nxc4 43.Rc2 Nd2 44.Rc8+ Kf7
45.Nc3 b5 46.Ne2 Nc4 47.Rc5 Nd6 48.g4 Ra3 49.Rc7+ Ke6 50.Kf3 Rxa2 51.Nf4+ Ke5
52.Rc5+ Kf6 53.g5+ Ke7 54.Rc7+ Ke8 55.Rxh7 Nf5 56.Ne2 Ra1 57.h5 gxh5 58.Rxh5 Kf7
59.Rh8 a4 60.Rb8 a3 61.Rb7+ Kg6 62.Kg4 Rf1  0-1

[Event "Open"]
[Site "Cappelle la Grande FRA"]
[Date "2001.02.26"]
[Round "4"]
[White "Chuchelov,V"]
[Black "Fressinet,L"]
[Result "1/2-1/2"]
[WhiteElo "2539"]
[BlackElo "2581"]

1.Nf3 d5 2.c4 c6 3.e3 Nf6 4.Nc3 a6 5.d4 b5 6.b3 Bg4 7.Be2 e6 8.O-O Nbd7 9.Bb2 Bd6
10.h3 Bh5 11.Ne5 Bxe2 12.Nxe2 Qc7 13.cxd5 cxd5 14.Rc1 Qb8 15.Nxd7 Kxd7 16.f3 Qb7
17.Qd3 Ke7 18.Rc2 Rhc8 19.Rfc1 Rxc2 20.Rxc2 Kd7 21.Bc1 Rc8 22.Bb2  1/2-1/2

[Event "IV Open"]
[Site "Malaga ESP"]
[Date "2001.02.26"]
[Round "4"]
[White "Peralta,F"]
[Black "Cifuentes Parada,R"]
[Result "1/2-1/2"]
[WhiteElo "2408"]
[BlackElo "2496"]

1.Nf3 d5 2.c4 e6 3.e3 Nf6 4.Nc3 c6 5.b3 Nbd7 6.Qc2 Bd6 7.Bb2 O-O 8.Be2 Qe7
9.Rd1 a6 10.d4 b6 11.O-O Bb7 12.e4 Nxe4 13.Nxe4 dxe4 14.Qxe4 f5 15.Qc2 c5
16.Rfe1 Rad8 17.dxc5 Nxc5 18.Be5 Ne4 19.Bxd6 Rxd6 20.Rxd6 Qxd6 21.Rd1 Qc5
22.Bd3 h6 23.Qe2 e5 24.Bxe4 Bxe4 25.Qe3 Qc7 26.h3 a5 27.Ne1 Bb7 28.Qd3 Be4
29.Qd2 f4 30.f3 Bg6 31.Qd5+ Kh7 32.Qd6 Qxd6 33.Rxd6 Rf6 34.Rd2 e4 35.fxe4 Bxe4
36.Kf2 g5 37.Rd7+ Kg6 38.Nd3 Kf5 39.Nb2 h5 40.Na4 Bc6 41.Rd8 Bxa4 42.Rd5+ Ke4
43.bxa4 Rf5 44.Rd6 Rc5 45.Rxb6 Rxc4 46.Re6+ Kf5 47.Rh6 Rxa4 48.Rxh5 Rxa2+
49.Kf3 Ra3+ 50.Kf2 Kg6 51.Rh8 a4 52.Ra8 Ra2+ 53.Kf3 a3 54.Ra7 Ra1 55.Ra6+ Kf5
56.Ra5+ Kf6 57.Kf2 Ke6 58.Kf3 Kf6 59.Kf2 Kf7 60.Kf3 Kf6 61.Kf2 a2  1/2-1/2

[Event "5th United Insurance"]
[Site "Dhaka BAN"]
[Date "2001.03.04"]
[Round "13"]
[White "Hossain,Enam"]
[Black "Reefat,S"]
[Result "0-1"]
[WhiteElo "2323"]
[BlackElo "2458"]

1.Nf3 d5 2.c4 e6 3.e3 Nf6 4.b3 Be7 5.Bb2 O-O 6.Qc2 b6 7.a3 Bb7 8.cxd5 Nxd5
9.Ne5 c5 10.Bd3 h6 11.O-O Nd7 12.f4 Bf6 13.Nc4 Bxb2 14.Qxb2 Qc7 15.Nc3 N7f6
16.Ne2 Rad8 17.Qc2 Ne7 18.Ng3 h5 19.Rad1 Qc6 20.Rf2 h4 21.Nf1 Ng4 22.Rf3 f5
23.Be2 Qc7 24.Rh3 Ng6 25.Bf3 b5 26.Bxb7 Qxb7 27.Ne5 N6xe5 28.fxe5 Qe7 29.d4 f4
30.Qe4 Qg5 31.d5 fxe3  0-1

[Event "Victor Ciocaltea Mem"]
[Site "Bucharest ROM"]
[Date "2001.03.08"]
[Round "5"]
[White "Marin,M"]
[Black "Fressinet,L"]
[Result "1/2-1/2"]
[WhiteElo "2604"]
[BlackElo "2581"]

1.Nf3 d5 2.c4 e6 3.d4 c6 4.Qc2 dxc4 5.Qxc4 Nf6 6.Bg5 b5 7.Qc2 Bb7 8.Nbd2 Nbd7
9.e4 Qb6 10.a4 Bb4 11.Be2 h6 12.Bxf6 Nxf6 13.O-O Bxd2 14.Nxd2 Qxd4 15.Nb3 Qxe4
16.Qxe4  1/2-1/2

[Event "Open"]
[Site "Kazimierz Dolny POL"]
[Date "2001.03.10"]
[Round "1"]
[White "Lobejko,R"]
[Black "Bogocki,C"]
[Result "1-0"]
[WhiteElo "2384"]
[BlackElo "2022"]

1.Nf3 d5 2.c4 e6 3.b3 c5 4.g3 Nc6 5.Bg2 Nf6 6.O-O Be7 7.cxd5 exd5 8.d4 O-O
9.Bb2 Ne4 10.dxc5 Bxc5 11.Nc3 Nxc3 12.Bxc3 d4 13.Bb2 Bg4 14.a3 a5 15.Qd3 Qe7
16.Rfc1 Rad8 17.Qb5 Ba7 18.b4 Rfe8 19.Rc2 d3 20.exd3 axb4 21.axb4 Bxf3 22.Bxf3 Bd4
23.Bxc6 bxc6 24.Qxc6 Qxb4 25.Bxd4 Qxd4 26.Rd1 g6 27.Qf3 Rd6 28.Rc4 Qd5 29.Kg2 Kg7
30.Qxd5 Rxd5 31.d4 Re4 32.Kf3 f5 33.Rc7+ Kh6 34.Rb1 Rexd4 35.Rbb7 Rd3+ 36.Kg2 Kg5
37.Rxh7 Rd2 38.h4+ Kf6 39.Rhf7+ Ke5 40.Rbe7+ Kd4 41.Re6  1-0

[Event "Belgian Interteams 2000-1"]
[Site "BEL"]
[Date "2001.03.11"]
[Round "10"]
[White "Lacroix,B"]
[Black "Knors,R"]
[Result "1-0"]
[WhiteElo "2118"]
[BlackElo "2033"]

1.Nf3 d5 2.c4 c6 3.b3 Bf5 4.g3 Nf6 5.Bg2 e6 6.O-O Be7 7.d3 h6 8.Bb2 O-O 9.Nbd2 Nbd7
10.a3 a5 11.Bc3 Qb6 12.Qc2 Bh7 13.Qb2 Rfd8 14.b4 axb4 15.axb4 Bf8 16.Rfb1 Qc7
17.b5 c5 18.b6 Qd6 19.Bxf6 Nxf6 20.Ra7 Rab8 21.Ne5 Nd7 22.Nxd7 Qxd7 23.Qb5 Qc8
24.Rc1 Bf5 25.Nb3 d4 26.Ra5 Ra8 27.Rca1 Rxa5 28.Rxa5 Kh7 29.Nxc5 Bxc5 30.Qxc5 Qxc5
31.Rxc5 Ra8 32.Bxb7  1-0

[Event "Belgian Interteams 2000-1"]
[Site "BEL"]
[Date "2001.03.11"]
[Round "10"]
[White "Tiggelman,R"]
[Black "Richter,Ge"]
[Result "1/2-1/2"]
[WhiteElo "2155"]
[BlackElo "2180"]

1.Nf3 d5 2.c4 e6 3.g3 Nf6 4.Bg2 Be7 5.O-O O-O 6.b3 c6 7.Bb2 Nbd7 8.d3 a5
9.Nc3 Re8 10.e3 Bb4 11.cxd5 exd5 12.a3 Bf8 13.Qc2 Nc5 14.Nd4 Qb6 15.h3 Bd7
16.Rad1 Rad8 17.Rfe1 Bc8 18.Kh2 g6 19.Nce2 Bg7 20.Bc3 Bd7 21.Qb2 Re7 22.Nc1 Ne8
23.Qd2 Ra8 24.f4 Nd6 25.g4 Nb5 26.Nxb5 Qxb5 27.Bxg7 Kxg7 28.Qc3+ Kg8 29.Bf1 Qb6
30.Qd4 Be6 31.Bg2 Nd7 32.Qxb6 Nxb6 33.e4 Rae8 34.Kg3 f6 35.h4 dxe4 36.dxe4 Bd5
37.Re2 Bxe4 38.Rde1 f5 39.Nd3 Nd5 40.Bxe4 Rxe4 41.Rxe4 Rxe4 42.Rxe4 fxe4
43.Nc5 b6  1/2-1/2

[Event "1st Masters"]
[Site "Pinamar ARG"]
[Date "2001.03.12"]
[Round "5"]
[White "Szmetan,J"]
[Black "Van Riemsdijk,H"]
[Result "1/2-1/2"]
[WhiteElo "2394"]
[BlackElo "2376"]

1.Nf3 d5 2.c4 e6 3.g3 Nf6 4.Bg2 Be7 5.O-O O-O 6.d4 dxc4 7.Na3 Bd7 8.Ne5 Bxa3
9.bxa3 Bc6 10.Nxc6 Nxc6 11.Bb2 Qd7 12.e3 Rab8 13.Qc2 b5 14.Rad1 Nd5 15.e4 Nb6
16.Rfe1 Ne7 17.Qe2 Na4 18.d5 Nxb2 19.Qxb2 exd5 20.exd5 Rb6 21.Re5 Rd6 22.Qe2 Ng6
23.Rh5 Re8 24.Qc2 Re7 25.Bh3 Qe8 26.Kf1 a6 27.Bg2 Nf8 28.a4 g6 29.Rh4 Nd7
30.axb5 axb5 31.a4 Nb6 32.axb5 Qxb5 33.Kg1 Qe8 34.Rhd4 Re1+ 35.Bf1 Rxd1 36.Rxd1 Qb5
37.Qe4 Rxd5 38.Rxd5 Qxd5 39.Qxd5 Nxd5 40.Bxc4 c6 41.Kg2 Kf8 42.Kf3 Ke7 43.Ke4 Kd6
44.f4 f6 45.h4 Kc5 46.Bb3 f5+ 47.Ke5 h5 48.Ba2 Nc3 49.Bf7 Ne2 50.Bxg6 Nxg3
51.Bxf5 Nxf5 52.Kxf5 Kb6 53.Ke6 c5 54.Kd5 Kb5 55.f5 c4 56.Kd4 c3 57.Kxc3 Kc5  1/2-1/2

[Event "Open"]
[Site "Kazimierz Dolny POL"]
[Date "2001.03.15"]
[Round "6"]
[White "Lobejko,R"]
[Black "Zontakh,A"]
[Result "0-1"]
[WhiteElo "2384"]
[BlackElo "2529"]

1.Nf3 d5 2.c4 e6 3.g3 g6 4.Bg2 Bg7 5.O-O Ne7 6.d4 Nbc6 7.cxd5 exd5 8.Nc3 O-O
9.Bf4 Be6 10.Qd2 Nf5 11.Nb5 Rc8 12.g4 Nh4 13.Nxh4 Qxh4 14.h3 Qd8 15.Bh6 Bxh6
16.Qxh6 f5 17.f3 a6 18.Nc3 Nxd4 19.Rad1 Nc6 20.Nxd5 Bxd5 21.e4 Ne7 22.gxf5 Nxf5
23.Qd2 c6 24.Qf2 Nh4 25.exd5 cxd5 26.f4 Nxg2 27.Qxg2 Rf5 28.Rfe1 Qb6+ 29.Kh1 Rcf8
30.Rxd5 Rxf4 31.Rd3 Kh8 32.Rb3 Qd6 33.Qg5 R4f5 34.Qg3 Qd5+ 35.Kh2 Qd2+ 36.Kh1  0-1